000
00260 a2200121 4500
003
Nust
005
20170207154014.0
040
_c
Nust
100
_a
Kernel
245
_a
Porting device drivers to the 2.6 kernel (E-BOOK)
_b
Kernel
300
_a
142 p
651
_a
E-BOOK
942
_2
ddc
_c
BK
999
_c
191368
_d
191368